000 00666nam a22001817a 4500
005 20251108164809.0
008 250721s2009 xx 000 0 ara d
082 1 4 _a341.77/عين
100 1 _aأبو عين، جمال زايد هلال
_eمؤلف
245 1 0 _aالإرهاب و أحكام القانون الدولي /
264 1 _aإربد :
_bعالم الكتب الحديث،
_c2009.
300 _a313 ص.
490 0 _aإصدارات منتدى الشمال للفكر و الثقافة و مركز القرار المسؤول للتنمية
650 1 7 _aالارهاب
650 1 7 _aالقانون الدولي
942 _2ddc
_cBK
999 _c14581
_d14581